|
|
|
|
| LEADER |
00000cam a2200000 a 4500 |
| 001 |
vtls008393910 |
| 003 |
SK-MaSNL |
| 005 |
20260301075546.0 |
| 008 |
251029s1955 xo a 000 0 slo |
| 015 |
|
|
|a SKSNBA19451955-010160
|
| 035 |
|
|
|a SK01SNKBKSFS20010086127
|
| 035 |
|
|
|a SKM000088590
|
| 040 |
|
|
|a SNK
|b slo
|c SNK
|e AACR2
|
| 041 |
0 |
|
|a slo
|
| 044 |
|
|
|a xo
|c SK
|
| 080 |
|
|
|a 633
|2 1981
|
| 100 |
1 |
|
|a Révay, Ján
|4 aut
|9 46515
|
| 245 |
1 |
0 |
|a Pestovanie kŕmneho kelu
|c Ján Révay
|
| 260 |
|
|
|a Bratislava
|b ŠPN
|c 1955
|e Trnava
|f Polygrafické závody
|
| 300 |
|
|
|a 31, [1] s.
|c V. 8°
|
| 366 |
|
|
|e 5200 výtlač.
|
| 490 |
1 |
|
|a Aktuálne publikácie P[overeníctva] P[ôdohospodárstva]
|v zv. 44
|
| 500 |
|
|
|a Ilustrované. Tabuľky
|
| 500 |
|
|
|a Ob. J. Venini
|
| 650 |
0 |
7 |
|a kel kŕmny
|x pestovanie
|2 SNK
|9 399846
|
| 655 |
|
7 |
|a príručky
|2 SNKPH
|9 74364
|
| 700 |
1 |
|
|a Venini, J.
|4 bjd
|9 399847
|
| 830 |
|
0 |
|a Aktuálne publikácie P[overeníctva] P[ôdohospodárstva]
|9 308941
|
| 852 |
|
|
|a Slovenská národná knižnica v Martine
|b 10000
|h SD 9944
|
| 958 |
|
|
|a OND
|
| 958 |
|
|
|a RK
|
| 958 |
|
|
|a TL
|
| 999 |
|
|
|c 650601
|d 652531
|
| 952 |
|
|
|a SNK
|b SNK
|y PREZ
|7 0
|p 17A0427100
|o snkSD 9944
|i snk1087/55
|0 0
|1 0
|4 0
|d 2004-04-28
|l 0
|r 2025-11-24 00:00:00
|w 2026-02-23
|
| 952 |
|
|
|a SNK
|b SNK
|y VYP
|7 0
|p 17A1151327
|o snkSD 9944 D1
|i snkI. 7729/55
|0 0
|1 0
|4 0
|d 2016-11-29
|l 0
|r 2026-02-23 18:21:10
|w 2026-02-23
|
| 952 |
|
|
|a SNK
|b SNK
|y VYP
|7 0
|p 17A1151312
|o snkSD 9944 D2
|i snkI. 7679/55
|0 0
|1 0
|4 0
|d 2016-11-29
|l 0
|r 2026-02-23 18:21:10
|w 2026-02-23
|
| 952 |
|
|
|a SNK
|b SNK
|y VYP
|7 0
|p 17A1151328
|o snkSD 9944 D3
|i snkI. 7680/55
|0 0
|1 0
|4 0
|d 2016-11-29
|l 0
|r 2026-02-23 18:21:10
|w 2026-02-23
|